书目信息 |
| 题名: |
你为什么总是焦虑不安
|
|
| 作者: | 马永霞 编著 | |
| 分册: | ||
| 出版信息: | 北京 中国纺织出版社 2017 |
|
| 页数: | 224页 | |
| 开本: | 24cm | |
| 丛书名: | ||
| 单 册: | ||
| 中图分类: | B842.6-49 | |
| 科图分类: | ||
| 主题词: | 焦虑--心理调节--通俗读物 | |
| 电子资源: | ||
| ISBN: | 978-7-5180-3675-2 | |
| 000 | 01075nam0 2200241 450 | |
| 001 | 395 | |
| 005 | 20180520212651.56 | |
| 010 | @a978-7-5180-3675-2@dCNY35.00 | |
| 100 | @a20170905d2017 em y0chiy50 ea | |
| 101 | 0 | @achi |
| 102 | @aCN@b110000 | |
| 105 | @ay az 000yy | |
| 200 | 1 | @a你为什么总是焦虑不安@9ni wei shen me zong shi jiao lu bu an@f马永霞编著 |
| 210 | @a北京@c中国纺织出版社@d2017 | |
| 215 | @a224页@d24cm | |
| 314 | @a马永霞,中国医疗整形协会常务理事,北京大学美容与整形企业总裁研修班教授,能量扬升美雕创始人。 | |
| 320 | @a有书目(第224页) | |
| 330 | @a在现代社会中,人们的生存压力越来越大,更多的人陷入焦虑之中,无法自拔。因为焦虑而引起的心理问题日益凸显,这是—本指引人们走近虑、了解焦虑、彻底消除焦虑的书,只有这样才能回归幸福。 你为什么总是焦虑不安以心理学知识为基础,从生活和工作的各个方面,为读者朋友们揭开焦虑的面纱,帮助读者认识焦虑的真实面目,从而—起探讨和寻找消除焦虑的根本方法。 | |
| 606 | 0 | @a焦虑@x心理调节@j通俗读物 |
| 690 | @aB842.6-49@v5 | |
| 701 | 0 | @a马永霞@9ma yong xia@4编著 |
| 801 | 0 | @aCN@b91MARC@c20170905 |
| 905 | @aMuseLib@dB842.6@e1970 | |
| 你为什么总是焦虑不安/马永霞编著.-北京:中国纺织出版社,2017 |
| 224页;24cm |
| ISBN 978-7-5180-3675-2:CNY35.00 |
| 在现代社会中,人们的生存压力越来越大,更多的人陷入焦虑之中,无法自拔。因为焦虑而引起的心理问题日益凸显,这是—本指引人们走近虑、了解焦虑、彻底消除焦虑的书,只有这样才能回归幸福。 你为什么总是焦虑不安以心理学知识为基础,从生活和工作的各个方面,为读者朋友们揭开焦虑的面纱,帮助读者认识焦虑的真实面目,从而—起探讨和寻找消除焦虑的根本方法。 |
| ● |
| 相关链接 |
|
|
|
|
正题名:你为什么总是焦虑不安
索取号:B842.6/1970
 
预约/预借
| 序号 | 登录号 | 条形码 | 馆藏地/架位号 | 状态 | 备注 |
| 1 | 1070986 | 210709866 | 第一样本阅览室/ [索取号:B842.6/1970] | 在馆 | |
| 2 | 1070987 | 210709875 | 密集书库-马院/ [索取号:B842.6/1970] | 在馆 | |
| 3 | 1070988 | 210709884 | 第一借阅区/ [索取号:B842.6/1970] | 在馆 | |
| 4 | 1070989 | 210709893 | 第一借阅区/ [索取号:B842.6/1970] | 在馆 | |
| 5 | 1070990 | 210709900 | 第一借阅区/ [索取号:B842.6/1970] | 在馆 | |
| 6 | 1070991 | 210709919 | 第一借阅区/ [索取号:B842.6/1970] | 在馆 | |
| 7 | 1102302 | 211023024 | 第一借阅区/ [索取号:B842.6/1970] | 在馆 | |
| 8 | 1102303 | 211023033 | 教育系资料室/ [索取号:B842.6/1970] | 在馆 | |
| 9 | 1102304 | 211023042 | 教育系资料室/ [索取号:B842.6/1970] | 在馆 | |
| 10 | 1102305 | 211023051 | 教育系资料室/ [索取号:B842.6/1970] | 在馆 | |
| 11 | 1102306 | 211023060 | 第一借阅区/ [索取号:B842.6/1970] | 在馆 | |
| 12 | 1102307 | 211023079 | 第一借阅区/ [索取号:B842.6/1970] | 在馆 |